000 01045nam a2200289 a 4500
001 000022824
005 20200930021823.0
008 101118s1995 mx r 000 f spa d
020 _a9682983118
040 _aDO-SdBNP
_bspa
_cBNPHU
082 _a917.2
_bL534t
100 1 _aLejeune, Louis
_946903
240 1 0 _aTerres mexicaines.
_lEspañol
245 1 0 _aTierras mexicanas /
_cLouis Lejeune ; prólogo Hector Cuauhtémoc Hernández Silva ; traducción Michel Antochiw, Rocío Alonzo.
260 _aMéxico :
_bConsejo Nacional para la Cultura y las Artes,
_c1995.
300 _a257 p. ;
_c22 cm.
490 1 _aMirada viajera
534 _aTítulo original:
_tTerres mexicaines.
651 4 _aMéxico
_xDescripciones Y Viajes
_911991
651 4 _aMéxico
_xVida Social Y Costumbres
_927045
651 4 _aMéxico
_xHistoria
_95710
700 1 _aAntochiw, Michel
_etr.
_946904
700 1 _aAlonzo, Rocío
_etr.
_946905
700 1 _aHernández Silva, Héctor Cuauhtémoc
_epról.
_946906
830 0 _aMirada viajera
_911996
049 _aBNGR
999 _c22321
_d22321